Loading...

Researching Social life

Bibliographic Details
Main Author: Nigel Gilbert [ed]
Format: Printed Book
Published: London Sage 2001
Subjects:
LEADER 00621nam a22001811a 4500
020 |a 9780761972457  |c 0.00 
040 |a SSUS - Library - Kalady 
082 |a 302.072  |b NIG/R 
100 |a Nigel Gilbert [ed] 
245 |a Researching Social life  |h [Text] 
260 |a London  |b Sage  |c 2001 
300 |a 406p. 
600 |a Research Methodology, Sociology 
600 |a Research Methodology, Social life 
852 |h 302.072  |i NIG/R  |p 042662  |9 1545.23  |t 0 
942 |c BK 
999 |c 38207  |d 38207 
952 |0 0  |1 0  |4 0  |6 302_072000000000000_NIG_R  |7 0  |9 55228  |a SSUS  |b SSUS  |d 2015-01-08  |g 1545.23  |o 302.072 NIG/R  |p 042662  |r 2015-01-08  |v 0.00  |w 2015-01-08  |y BK